| 000 | 01337cam a2200217 4500 | ||
|---|---|---|---|
| 008 | 000000n2000 000 0 eng u | ||
| 035 | _a(Sirsi) u110329 | ||
| 245 | _aApplication for permission treated as appeal | ||
| 260 | _c2000 | ||
| 520 | _a"Thurrock BC v SoS Environment and Terry Holding" CA 20 December 2000. Taking the CPR rules into consideration, held that the High Court had correctly exercised its discretion to amend a claim form so as to treat an application for permission to appeal a planning decision under the Town and Country Planning Act 1990 s289 as an appeal under s288 where the application for permission to appeal was made within the time limit and where an appeal under s288 lay as of right and where the proposed amendment did not add or substitute a new claim or seek relief Appeal dismissed. Copy of judgment available on www.courtservice.gov.uk/judgments/judg_home.htm | ||
| 590 | _aWB | ||
| 650 | _aTHURROCK BC V SOS ENVIRONMENT AND HOLDING | ||
| 650 | _aCIVIL PROCEDURE RULES 1998 | ||
| 650 | _aPLANNING PERMISSION | ||
| 650 | _aCORRECTION | ||
| 650 | _aTOWN AND COUNTRY PLANNING ACT S288 | ||
| 650 | _aTOWN AND COUNTRY PLANNING ACT S289 | ||
| 690 | _aENVIRONMENTAL AND LAND CONSULTANCY-PLANNING AND DEVELOPMENT | ||
| 856 | _uwww.courtservice.gov.uk/judgments/judg_home.htm | ||
| 942 | _n0 | ||
| 999 |
_c65796 _d65796 |
||